[Event "KAZ-ch"]
[Site "Astana"]
[Date "2023.12.13"]
[Round "1"]
[White "Ansat, Aldiyar"]
[Black "Suleymenov, Alisher"]
[Result "1-0"]
[WhiteElo "2434"]
[BlackElo "2513"]
[PlyCount "83"]
[EventDate "2023.12.13"]
[EventType "tourn"]
[EventRounds "13"]
[EventCountry "KAZ"]
[EventCategory "6"]
[SourceTitle "CB52_2023"]
[SourceDate "2023.12.27"]
[SourceVersion "1"]
[SourceVersionDate "2023.12.27"]
[SourceQuality "1"]

1. e4 c5 2. Nf3 Nc6 3. d4 cxd4 4. Nxd4 Nf6 5. Nc3 e5 6. Ndb5 d6 7. Bg5 a6 8. Na3 b5 9. Nab1 Be7 10. Bxf6 Bxf6 11. a4 Nd4 12. Bd3 Bb7 13. Nd5 Bxd5 14. exd5 bxa4 15. Rxa4 0-0 16. 0-0 g6 17. Nd2 Bg7 18. c3 Nb5 19. Kh1 Nc7 20. c4 a5 21. Nb3 f5 22. c5 e4 23. Be2 Be5 24. f4 exf3 25. Bxf3 Qg5 26. Qd2 Qxd2 27. Nxd2 Na6 28. c6 Nc5 29. Ra2 a4 30. Nc4 Rfe8 31. Nxe5 Rxe5 32. b4 Ne4 33. Rc2 a3 34. Ra1 Rxd5 35. Be2 Rd2 36. Rxd2 Nxd2 37. b5 Rc8 38. Rxa3 Ne4 39. Ra7 d5 40. c7 Nd6 41. b6 Re8 42. b7 1-0

[Event "KAZ Cup Final"]
[Site "Almaty"]
[Date "2023.11.29"]
[Round "1.2"]
[White "Petrosyan, Manuel"]
[Black "Ansat, Aldiyar"]
[Result "1-0"]
[WhiteElo "2604"]
[BlackElo "2418"]
[PlyCount "89"]
[EventDate "2023.11.28"]
[EventType "k.o."]
[EventRounds "4"]
[EventCountry "KAZ"]
[SourceTitle "CB49_2023"]
[SourceDate "2023.12.06"]
[SourceVersion "1"]
[SourceVersionDate "2023.12.06"]
[SourceQuality "1"]

1. e4 c5 2. Nf3 d6 3. Bb5+ Nd7 4. d4 cxd4 5. Qxd4 a6 6. Bxd7+ Bxd7 7. Nc3 e5 8. Qd3 h6 9. 0-0 Nf6 10. a4 Be7 11. Nd2 Rc8 12. Nc4 Be6 13. Ne3 0-0 14. Rd1 Qc7 15. Bd2 Qc5 16. Be1 Rfd8 17. a5 Qa7 18. Na4 d5 19. Nb6 dxe4 20. Nxc8 Rxc8 21. Qe2 Bc5 22. Bd2 g6 23. b4 Bd4 24. c3 Bxe3 25. Bxe3 Qb8 26. Qd2 Bg4 27. Re1 Rd8 28. Qc1 Rd3 29. Bxh6 Qd6 30. c4 Bf5 31. b5 Ng4 32. c5 Qe7 33. Bg5 f6 34. h3 Nxf2 35. Be3 Nxh3+ 36. gxh3 Bxh3 37. Qc4+ Kg7 38. Qxe4 Bf5 39. Qg2 Be6 40. Rad1 Rxe3 41. Rxe3 Qxc5 42. Qxb7+ Bf7 43. Rde1 f5 44. bxa6 f4 45. Qb6 1-0

[Event "KAZ Cup Final"]
[Site "Almaty"]
[Date "2023.11.28"]
[Round "1.1"]
[White "Ansat, Aldiyar"]
[Black "Petrosyan, Manuel"]
[Result "0-1"]
[WhiteElo "2418"]
[BlackElo "2604"]
[PlyCount "148"]
[EventDate "2023.11.28"]
[EventType "k.o."]
[EventRounds "4"]
[EventCountry "KAZ"]
[SourceTitle "CB49_2023"]
[SourceDate "2023.12.06"]
[SourceVersion "1"]
[SourceVersionDate "2023.12.06"]
[SourceQuality "1"]

1. e4 e5 2. Nf3 Nc6 3. Bb5 a6 4. Ba4 Nf6 5. 0-0 Be7 6. Re1 b5 7. Bb3 0-0 8. a4 b4 9. d3 d6 10. h3 Na5 11. Ba2 c5 12. Nbd2 Be6 13. Nc4 Nxc4 14. Bxc4 h6 15. a5 Qd7 16. Bd2 Qc6 17. Qe2 Rab8 18. Nh4 Kh7 19. Nf5 Bxf5 20. exf5 d5 21. Bb3 Bd6 22. Qf3 Bc7 23. g3 Qd6 24. Re2 Rfe8 25. Ba4 Re7 26. Rae1 c4 27. dxc4 e4 28. Qg2 dxc4 29. h4 Qd5 30. g4 Nd7 31. f6 Nxf6 32. g5 Ng8 33. Be3 f5 34. Rd2 Qxa5 35. Bc6 Rd8 36. Rxd8 Bxd8 37. Rd1 Bb6 38. Bf4 Bc7 39. Be3 Qe5 40. Qh3 g6 41. h5 f4 42. hxg6+ Kxg6 43. Bd4 Qd6 44. Qc8 Qxc6 45. Qxg8+ Kh5 46. Qf8 Qe6 47. Kf1 e3 48. fxe3 fxe3 49. Qf3+ Qg4 50. Ke2 Qxf3+ 51. Kxf3 hxg5 52. Bc5 Re6 53. Bxb4 g4+ 54. Ke2 g3 55. Bc5 Kg4 56. Rd7 Be5 57. Rd8 Bxb2 58. Rg8+ Kf4 59. Rf8+ Kg4 60. Rg8+ Kh3 61. Kf3 Rf6+ 62. Kxe3 Bc1+ 63. Kd4 Rf4+ 64. Kc3 Re4 65. Rh8+ Kg2 66. Ra8 Kf3 67. Rxa6 Be3 68. Rf6+ Ke2 69. Rg6 Bxc5 70. Rxg3 Bf2 71. Rg2 Kf3 72. Rg8 Be1+ 73. Kb2 c3+ 74. Kb3 Ke2 0-1

[Event "Wch U18"]
[Site "Montesilvano"]
[Date "2023.11.24"]
[Round "11"]
[White "Ansat, Aldiyar"]
[Black "Popov, Konstantin"]
[Result "1-0"]
[WhiteElo "2418"]
[BlackElo "2345"]
[PlyCount "65"]
[EventDate "2023.11.13"]
[EventType "swiss"]
[EventRounds "11"]
[EventCountry "ITA"]
[SourceTitle "CB48_2023"]
[SourceDate "2023.11.29"]
[SourceVersion "1"]
[SourceVersionDate "2023.11.29"]
[SourceQuality "1"]

1. e4 c5 2. Nf3 d6 3. Bb5+ Nd7 4. d4 cxd4 5. Qxd4 a6 6. Be2 Ngf6 7. 0-0 e5 8. Qe3 Be7 9. c4 b6 10. Nc3 Bb7 11. Rd1 0-0 12. h3 Nc5 13. Nxe5 Qc7 14. Ng4 Nfxe4 15. Nxe4 Nxe4 16. Qb3 f5 17. Nh2 Nc5 18. Qa3 Rae8 19. Bh5 g6 20. Bf3 Ne4 21. Qb3 d5 22. cxd5 Bd6 23. Nf1 f4 24. Bd2 Nxf2 25. Rdc1 Qe7 26. Re1 Nxh3+ 27. gxh3 Qg5+ 28. Kh1 Qf5 29. Nh2 h5 30. Qxb6 Qd7 31. Rxe8 Rxe8 32. Rg1 Kh7 33. Bxf4 1-0

[Event "Wch U18"]
[Site "Montesilvano"]
[Date "2023.11.16"]
[Round "4"]
[White "Elmi, Saad Abobaker"]
[Black "Ansat, Aldiyar"]
[Result "0-1"]
[WhiteElo "2321"]
[BlackElo "2418"]
[PlyCount "58"]
[EventDate "2023.11.13"]
[EventType "swiss"]
[EventRounds "11"]
[EventCountry "ITA"]
[SourceTitle "CB48_2023"]
[SourceDate "2023.11.29"]
[SourceVersion "1"]
[SourceVersionDate "2023.11.29"]
[SourceQuality "1"]

1. e4 c5 2. Nf3 Nc6 3. Bb5 e6 4. 0-0 Nge7 5. Re1 Ng6 6. c3 d5 7. h4 dxe4 8. Rxe4 Bd6 9. h5 Nge7 10. d4 a6 11. Bd3 h6 12. Qe2 cxd4 13. cxd4 Nb4 14. Bc4 b5 15. Bb3 Nbd5 16. Nc3 Nf6 17. Rh4 Nf5 18. Rh3 0-0 19. g4 Nxg4 20. Qe4 Nf6 21. Qxa8 Qb6 22. a4 bxa4 23. Bc4 Bb7 24. Nxa4 Qc6 25. Qa7 Qe4 26. Bf4 Qxf4 27. Qxb7 Qg4+ 28. Kf1 Qxh3+ 29. Ke2 Qg4 0-1

[Event "Wch U18"]
[Site "Montesilvano"]
[Date "2023.11.15"]
[Round "3"]
[White "Ansat, Aldiyar"]
[Black "Baranciuc, Alexandr"]
[Result "1-0"]
[WhiteElo "2418"]
[BlackElo "2338"]
[PlyCount "73"]
[EventDate "2023.11.13"]
[EventType "swiss"]
[EventRounds "11"]
[EventCountry "ITA"]
[SourceTitle "CB48_2023"]
[SourceDate "2023.11.29"]
[SourceVersion "1"]
[SourceVersionDate "2023.11.29"]
[SourceQuality "1"]

1. Nf3 d5 2. g3 Bg4 3. Bg2 Nd7 4. h3 Bxf3 5. Bxf3 Ngf6 6. d4 e6 7. 0-0 Bd6 8. c4 c6 9. Nd2 0-0 10. e4 dxe4 11. Nxe4 Nxe4 12. Bxe4 Nf6 13. Bg2 Re8 14. Be3 Qc7 15. Qb3 e5 16. c5 Bf8 17. dxe5 Nd7 18. Qc3 Qxe5 19. Bd4 Qf5 20. b4 Re6 21. Rae1 Rae8 22. Rxe6 Qxe6 23. a4 Nf6 24. b5 Ne4 25. Qa5 Qc4 26. Rd1 Nxc5 27. bxc6 bxc6 28. Be3 Nxa4 29. Rd4 Nb6 30. Rxc4 Nxc4 31. Qxa7 Nxe3 32. fxe3 Re6 33. Bf1 g5 34. Bc4 Rf6 35. Qd4 Be7 36. e4 c5 37. Qd7 1-0

[Event "Wch U18"]
[Site "Montesilvano"]
[Date "2023.11.13"]
[Round "1"]
[White "Ansat, Aldiyar"]
[Black "Briem, Benedikt"]
[Result "1-0"]
[WhiteElo "2418"]
[BlackElo "2149"]
[PlyCount "105"]
[EventDate "2023.11.13"]
[EventType "swiss"]
[EventRounds "11"]
[EventCountry "ITA"]
[SourceTitle "CB48_2023"]
[SourceDate "2023.11.29"]
[SourceVersion "1"]
[SourceVersionDate "2023.11.29"]
[SourceQuality "1"]

1. e4 e5 2. Nf3 Nc6 3. Bb5 Nf6 4. d3 Bc5 5. 0-0 Nd4 6. Nxd4 Bxd4 7. c3 Bb6 8. Nd2 c6 9. Ba4 0-0 10. Nc4 Bc7 11. Ne3 d5 12. Qf3 Be6 13. g4 dxe4 14. dxe4 Qd3 15. Bc2 Bxg4 16. Qg3 Qd7 17. Kh1 Bh5 18. Rg1 Bg6 19. Nf5 Kh8 20. Be3 Rg8 21. Rad1 Qe6 22. Qh4 Bh5 23. Rg3 Bxd1 24. Bxd1 Qc4 25. Bf3 Bb6 26. Nxg7 Rxg7 27. Rxg7 Rg8 28. Rg1 Rxg1+ 29. Kxg1 Qe6 30. Bg5 Ng8 31. Bg4 Qg6 32. Bf5 Qg7 33. Kf1 f6 34. Bd2 Ne7 35. Bh3 Ng6 36. Qg4 Nf4 37. Qc8+ Qg8 38. Qxg8+ Kxg8 39. Bc8 Nd3 40. Bxb7 Nxf2 41. Bxc6 h5 42. b4 h4 43. Be1 Ng4 44. Bxh4 Nxh2+ 45. Ke2 Ng4 46. Bd7 Nh6 47. Bxf6 Bc7 48. Be6+ Kf8 49. c4 Nf7 50. Bxf7 Kxf7 51. Bg5 Ke6 52. Be3 Bb8 53. b5 1-0

[Event "World ol U16"]
[Site "Eindhoven"]
[Date "2023.08.17"]
[Round "8.2"]
[White "Ansat, Aldiyar"]
[Black "Gurel, Ediz"]
[Result "0-1"]
[WhiteElo "2414"]
[BlackElo "2512"]
[PlyCount "124"]
[EventDate "2023.08.13"]
[EventType "team-swiss"]
[EventRounds "9"]
[EventCountry "NED"]
[SourceTitle "CBM 215 Extra"]
[Source "ChessBase"]
[SourceDate "2023.09.30"]
[SourceVersion "1"]
[SourceVersionDate "2023.09.30"]
[SourceQuality "1"]
[WhiteTeam "Kazakhstan"]
[BlackTeam "Turkey"]
[WhiteTeamCountry "KAZ"]
[BlackTeamCountry "TUR"]

1. Nf3 d5 2. g3 g6 3. c4 dxc4 4. Qa4+ Nc6 5. Qxc4 Bg7 6. Bg2 e5 7. 0-0 Nge7 8. Nc3 0-0 9. d3 Be6 10. Qa4 h6 11. Bd2 f5 12. Rac1 Qd7 13. Rfd1 a6 14. Qc2 Rac8 15. Na4 b6 16. e3 Nd8 17. d4 e4 18. Ne5 Qe8 19. Bf1 Nd5 20. Nc3 Nb4 21. Qb1 Bxe5 22. dxe5 Ndc6 23. a3 Nd3 24. Bxd3 exd3 25. f4 Bb3 26. Re1 Rd8 27. Nd1 Qe6 28. Nf2 Bc2 29. Rxc2 dxc2 30. Qxc2 Rd7 31. Bc3 Ne7 32. e4 Rfd8 33. Qe2 b5 34. a4 bxa4 35. Ra1 Qc6 36. exf5 Nxf5 37. Ne4 Rd3 38. Nf6+ Kf7 39. Ng4 h5 40. e6+ Qxe6 41. Qxe6+ Kxe6 42. Re1+ Kd5 43. Ne5 Kc5 44. Nxd3+ Rxd3 45. Re4 Nd4 46. Kf2 a3 47. Re5+ Kc4 48. Bxd4 a2 49. Ra5 Rxd4 50. Rxa2 Kb5 51. Ke3 Rb4 52. h3 Rb3+ 53. Kf2 c5 54. Kg2 c4 55. g4 h4 56. f5 gxf5 57. gxf5 Rg3+ 58. Kf2 Rg5 59. Kf3 Rxf5+ 60. Kg4 Rf2 61. Ra1 Rxb2 62. Kxh4 c3 0-1

[Event "World ol U16"]
[Site "Eindhoven"]
[Date "2023.08.16"]
[Round "6.3"]
[White "Ansat, Aldiyar"]
[Black "Asllani, Dorian"]
[Result "1-0"]
[WhiteElo "2414"]
[BlackElo "2226"]
[PlyCount "57"]
[EventDate "2023.08.13"]
[EventType "team-swiss"]
[EventRounds "9"]
[EventCountry "NED"]
[SourceTitle "CBM 215 Extra"]
[Source "ChessBase"]
[SourceDate "2023.09.30"]
[SourceVersion "1"]
[SourceVersionDate "2023.09.30"]
[SourceQuality "1"]
[WhiteTeam "Kazakhstan"]
[BlackTeam "Switzerland"]
[WhiteTeamCountry "KAZ"]
[BlackTeamCountry "SUI"]

1. Nf3 d5 2. g3 Nf6 3. Bg2 e6 4. 0-0 Be7 5. c4 0-0 6. b3 c6 7. Bb2 b6 8. d3 Bb7 9. Qc2 Nbd7 10. e4 c5 11. cxd5 exd5 12. Nh4 d4 13. h3 Re8 14. Nf5 Bf8 15. Bc1 b5 16. a4 a6 17. g4 c4 18. bxc4 bxc4 19. Qxc4 Rc8 20. Qb3 Nc5 21. Qd1 a5 22. Na3 Ba6 23. Nb5 g6 24. Nfxd4 Bxb5 25. Nxb5 Nxd3 26. Bg5 Bg7 27. Ra2 h6 28. Bxf6 Bxf6 29. Rd2 1-0

[Event "World ol U16"]
[Site "Eindhoven"]
[Date "2023.08.14"]
[Round "2.1"]
[White "Ansat, Aldiyar"]
[Black "Aswath, S."]
[Result "1/2-1/2"]
[WhiteElo "2414"]
[BlackElo "2335"]
[PlyCount "106"]
[EventDate "2023.08.13"]
[EventType "team-swiss"]
[EventRounds "9"]
[EventCountry "NED"]
[SourceTitle "CBM 215 Extra"]
[Source "ChessBase"]
[SourceDate "2023.09.30"]
[SourceVersion "1"]
[SourceVersionDate "2023.09.30"]
[SourceQuality "1"]
[WhiteTeam "Kazakhstan"]
[BlackTeam "India"]
[WhiteTeamCountry "KAZ"]
[BlackTeamCountry "IND"]

1. Nf3 d5 2. g3 Nf6 3. Bg2 c5 4. 0-0 h6 5. c4 d4 6. b4 cxb4 7. a3 bxa3 8. Bxa3 Nc6 9. d3 e5 10. Qa4 Bd7 11. Bxf8 Kxf8 12. Nbd2 g6 13. Nb3 Qe7 14. Qa3 Ng8 15. Nc5 Bc8 16. Rfb1 Kg7 17. Nxb7 Qxa3 18. Rxa3 Rb8 19. Rab3 Nge7 20. Nd6 Rxb3 21. Rxb3 Bg4 22. Rb7 Rb8 23. Rxb8 Nxb8 24. Nxe5 Bxe2 25. f4 f6 26. Ne8+ Kh8 27. Nxf6 a5 28. c5 a4 29. Nc4 Bxd3 30. Na3 Kg7 31. Ng4 Na6 32. c6 Nb4 33. Ne5 Ba6 34. Kf2 Kf6 35. Be4 g5 36. Nd7+ Ke6 37. f5+ Nxf5 38. Nc5+ Ke5 39. c7 Nd6 40. Bb7 Bxb7 41. Nxb7 Nc8 42. Nc5 Nd5 43. Nc4+ Kf5 44. Nxa4 Nxc7 45. Nc5 Ne6 46. Nd7 Ke4 47. Ke2 Kd5 48. Kd3 Nd6 49. Nf6+ Kc5 50. Ne5 Nf5 51. Ke4 Nd6+ 52. Kd3 Nf5 53. Ke4 Nd6+ 1/2-1/2

[Event "World ol U16"]
[Site "Eindhoven"]
[Date "2023.08.14"]
[Round "3.1"]
[White "Gaal, Zsoka"]
[Black "Ansat, Aldiyar"]
[Result "1/2-1/2"]
[WhiteElo "2314"]
[BlackElo "2414"]
[PlyCount "122"]
[EventDate "2023.08.13"]
[EventType "team-swiss"]
[EventRounds "9"]
[EventCountry "NED"]
[SourceTitle "CBM 215 Extra"]
[Source "ChessBase"]
[SourceDate "2023.09.30"]
[SourceVersion "1"]
[SourceVersionDate "2023.09.30"]
[SourceQuality "1"]
[WhiteTeam "Hungary"]
[BlackTeam "Kazakhstan"]
[WhiteTeamCountry "HUN"]
[BlackTeamCountry "KAZ"]

1. Nf3 Nf6 2. g3 g6 3. b3 Bg7 4. Bb2 d6 5. d4 b5 6. Qd3 a6 7. e4 Bb7 8. Nbd2 d5 9. e5 Ne4 10. Bg2 c5 11. dxc5 Nxc5 12. Qe3 Ne6 13. Nd4 Nxd4 14. Bxd4 Nc6 15. c3 Nxd4 16. cxd4 e6 17. a4 b4 18. 0-0 Rc8 19. Nc4 0-0 20. Nd6 Rc3 21. Qd2 Ba8 22. Rfc1 Rxb3 23. Bf1 Qa5 24. Rc5 Qb6 25. a5 Qb8 26. Rac1 Rc3 27. R1xc3 bxc3 28. Qxc3 f6 29. Bh3 h5 30. Bxe6+ Kh7 31. Rc8 Rxc8 32. Qxc8 Qxc8 33. Bxc8 fxe5 34. Bxa6 exd4 35. Bd3 Be5 36. Nc8 Kg7 37. a6 Bc7 38. Ne7 g5 39. Nf5+ Kf6 40. Nxd4 Bb6 41. Nb5 g4 42. Kf1 Bc6 43. Nc3 d4 44. Ne2 Kg5 45. Nf4 h4 46. Bc4 hxg3 47. fxg3 Kf5 48. Ke2 Ke4 49. Bd3+ Ke5 50. Kd2 Kd6 51. Be2 Bd7 52. Nd3 Bc8 53. Nf2 d3 54. Ne4+ Ke5 55. Bxd3 Bxa6 56. Nc3 Bxd3 57. Kxd3 Bg1 58. Ke2 Bxh2 59. Kf2 Bxg3+ 60. Kxg3 Kd4 61. Kxg4 Kxc3 1/2-1/2

[Event "Astana Zhuldyzdary op-A"]
[Site "Astana"]
[Date "2023.07.15"]
[Round "6"]
[White "Harutyunian, Tigran K"]
[Black "Ansat, Aldiyar"]
[Result "0-1"]
[WhiteElo "2526"]
[BlackElo "2400"]
[PlyCount "108"]
[EventDate "2023.07.11"]
[EventType "swiss"]
[EventRounds "10"]
[EventCountry "KAZ"]
[SourceTitle "CBM 215 Extra"]
[Source "ChessBase"]
[SourceDate "2023.09.30"]
[SourceVersion "1"]
[SourceVersionDate "2023.09.30"]
[SourceQuality "1"]

1. Nf3 Nf6 2. c4 c5 3. Nc3 d5 4. cxd5 Nxd5 5. d4 Nxc3 6. bxc3 g6 7. e3 Bg7 8. Bb5+ Bd7 9. Be2 cxd4 10. cxd4 Qa5+ 11. Bd2 Qd5 12. 0-0 0-0 13. Qb1 Bf5 14. Qb4 Bf6 15. Rfc1 Be4 16. Rc5 Qd6 17. Rac1 Na6 18. Bxa6 Qxa6 19. a4 b6 20. Rc7 Bxf3 21. gxf3 Qe2 22. Kg2 Rfd8 23. Re1 Qd3 24. f4 Rac8 25. Qc3 Qxc3 26. Rxc3 Rxc3 27. Bxc3 Rc8 28. Bb4 a5 29. Bd2 Rc2 30. Rd1 e6 31. Be1 Kf8 32. Ra1 Ke8 33. Kf3 Rb2 34. Ke4 Rb3 35. h3 h5 36. Ra2 Bg7 37. Rd2 Rb1 38. Re2 Ra1 39. Kd3 Bf8 40. Bc3 Ra3 41. Rc2 Bb4 42. Kc4 Bxc3 43. Rxc3 Rxa4+ 44. Kb5 Rb4+ 45. Kc6 b5 46. Rc5 a4 47. Kd6 Kf8 48. Rc8+ Kg7 49. Ra8 Rb3 50. Ke7 a3 51. e4 b4 52. d5 exd5 53. e5 Rf3 54. Rf8 a2 0-1